000 00748nam a2200193 4500
001 138679
003 ES-MaACL
005 20250730165128.0
007 t|
008 070214s1965 sp r ||||1| spa d
100 1 _aSantiago, Rodrigo A. de.
_9103386
245 1 3 _aUn concurso musical y una sonata gallega para piano del compositor Antonio-José /
_cRodrigo A. de Santiago.
260 _aLa Coruña :
_bInstituto José Cornide de Estudios Coruñeses,
_c1965.
300 _a4 h. ;
_c22 cm.
500 _aEs tirada aparte de: `Revista del Instituto José Cornide de Estudios Coruñeses`, año I, nº 1.
710 2 _aInstituto "José Cornide" de Estudios Coruñeses
_95109
852 _aES-MaACL
_j2075-F-1
_bR.75214
999 _c138679
_d138679